Les 10 joueurs avec le plus de passes clés en Ligue 1 2022/23. - Statistiques

Statistiques générales
  • Ce quiz a été pris 89 fois
  • Le résultat moyen est 6 sur 10
Statistiques - réponses
Passes
clés
Joueurs Clubs % Correct
93 Lionel Messi PSG
92%
101 Rémy Cabella Lille
76%
98 Benjamin Bourigeaud Rennes
75%
67 Rayan Cherki Lyon
67%
60 Maxence Caqueret Lyon
60%
67 Enzo Le Fée Lorient
50%
88 Branco Van Den Boomen Toulouse
48%
89 Franck Honorat Brest
43%
68 Przemyslaw Frankowski Lens
33%
65 Junya Ito Reims
31%
Aucun quiz correspondant
Distribution des résultats
% des personnes avec chaque résultat
Percentile par nombre de réponses
Votre historique - résultats
Vous n’avez pas pris ce quiz